জাতীয় বৃক্ষ আমগাছ / (Record no. 49219)
[ view plain ]
| 000 -LEADER | |
|---|---|
| fixed length control field | 00904nam a2200253 a 4500 |
| 001 - CONTROL NUMBER | |
| control field | 49219 |
| 003 - CONTROL NUMBER IDENTIFIER | |
| rucl marc code | BD-RjUL |
| 005 - DATE AND TIME OF LATEST TRANSACTION | |
| control field | 20211209054642.0 |
| 008 - FIXED-LENGTH DATA ELEMENTS--GENERAL INFORMATION | |
| fixed length control field | 161210s20162013bg adf|| b||| 00| 0 ben d |
| 020 ## - INTERNATIONAL STANDARD BOOK NUMBER | |
| Terms of availability | : Tk. 550.00 |
| International Standard Book Number | 9789843374639 |
| 035 ## - SYSTEM CONTROL NUMBER | |
| System control number | (BD-RjUL)49338 |
| 040 ## - CATALOGING SOURCE | |
| Original cataloging agency | BD-RjUL |
| Language of cataloging | ben |
| Transcribing agency | BD-RjUL |
| Modifying agency | BD-RjUL |
| 041 ## - LANGUAGE CODE | |
| Language code of text/sound track or separate title | ben |
| 082 ## - DEWEY DECIMAL CLASSIFICATION NUMBER | |
| Edition number | 23 |
| Classification number | 582.16 |
| Author mark and year | AHJ 2016 |
| 100 1# - MAIN ENTRY--PERSONAL NAME | |
| Personal name | আহমদ, সাব্বির |
| 9 (RLIN) | 116893 |
| 245 10 - TITLE STATEMENT | |
| Title | জাতীয় বৃক্ষ আমগাছ / |
| Statement of responsibility, etc. | সাব্বির আহমদ |
| 250 ## - EDITION STATEMENT | |
| Edition statement | ২য় সং. |
| 260 ## - PUBLICATION, DISTRIBUTION, ETC. (IMPRINT) | |
| Place of publication, distribution, etc. | ঢাকা : |
| Name of publisher, distributor, etc. | পরিচয় প্রকাশন, |
| Date of publication, distribution, etc. | ২০১৬ |
| 300 ## - PHYSICAL DESCRIPTION | |
| Pagination | ২৪৮ পৃ. : |
| Illustrations | চিত্র ; |
| Size | ২৩ সেমি. |
| 504 ## - BIBLIOGRAPHY, ETC. NOTE | |
| Bibliography, etc | গ্রন্থপঞ্জি সম্বলিত |
| 650 ## - SUBJECT ADDED ENTRY--TOPICAL TERM | |
| Topical term or geographic name as entry element | বৃক্ষ (আম) |
| 9 (RLIN) | 170458 |
| Topical term or geographic name as entry element | Trees (Mango) |
| 9 (RLIN) | 170565 |
| 942 ## - ADDED ENTRY ELEMENTS (KOHA) | |
| Source of classification or shelving scheme | Dewey Decimal Classification |
| Koha item type | Books |
| Lost status | Source of classification or shelving scheme | Damaged status | Not for loan | Collection code | Permanent Location | Current Location | Shelving location | Date acquired | Source of acquisition | Cost, normal purchase price | Total Checkouts | Full call number | Date last seen | Copy number | Koha item type |
|---|---|---|---|---|---|---|---|---|---|---|---|---|---|---|---|
| Dewey Decimal Classification | Not For Loan | Non-fiction | Central Library, University of Rajshahi | Central Library, University of Rajshahi | Reading Room | 15/11/2016 | Author, gift | 550.00 | B 582.16 AHJ 2016 | 10/12/2016 | C-1 | Books | |||
| Dewey Decimal Classification | Non-fiction | Central Library, University of Rajshahi | Central Library, University of Rajshahi | 16/11/2017 | Author | 550.00 | B 582.16 AHJ 2016 | 27/05/2018 | C-2 | Books |